[Event "Turkey Cup 2020"]
[Site "Antalya-Belek"]
[Date "2020.01.27"]
[Round "3.95"]
[White "Kalender, Murat Emre"]
[Black "Caglar, Mehmet Halil"]
[Result "1/2-1/2"]
[WhiteElo "1618"]
[BlackElo "1670"]
[Annotator "NA"]
[PlyCount "151"]
[EventDate "2020.01.26"]
[EventType "swiss"]
[EventCountry "TUR"]
[SourceTitle "playchess.com"]
[Source "ChessBase"]
[SourceQuality "1"]

1. e4 c5 2. Nf3 d6 3. Bb5+ Nc6 4. O-O Nf6 5. Re1 Bd7 6. c3 a6 7. Bf1 g6 8. d4 cxd4 9. cxd4 Bg7 10. Nc3 O-O 11. Bg5 Bg4 12. Be3 d5 13. e5 Ne4 14. h3 Nxc3 15. bxc3 Bxf3 16. Qxf3 Na5 17. a4 Rc8 18. Bg5 Qd7 19. Qe3 Rc6 20. Rab1 Rfc8 21. Rec1 Qc7 22. Qd2 h6 23. Bf4 g5 24. Be3 Nc4 25. Bxc4 Rxc4 26. Qb2 Rxa4 27. Qxb7 e6 28. Qxc7 Rxc7 29. Rb8+ Kh7 30. Rcb1 Rac4 31. Ra8 R4c6 32. Ra1 f6 33. exf6 Bxf6 34. R1xa6 Kg6 35. g4 Kf7 36. Rxc6 Rxc6 37. Ra7+ Kf8 38. Bd2 Rb6 39. h4 Rb2 40. Be3 Rc2 41. Rc7 e5 42. Rd7 Rxc3 43. dxe5 Bxe5 44. Rxd5 Bf4 45. Rf5+ Kg8 46. Bxf4 gxf4 47. Rxf4 Rh3 48. h5 Ra3 49. Rf6 Kg7 50. Rg6+ Kh7 51. Kg2 Rb3 52. f3 Rb2+ 53. Kg3 Rb4 54. f4 Rb3+ 55. Kf2 Ra3 56. f5 Ra2+ 57. Ke3 Ra3+ 58. Kd4 Ra4+ 59. Kc5 Ra5+ 60. Kb6 Ra1 61. f6 Rc1 62. Kb7 Rc2 63. Kb6 Rc1 64. Kb5 Rc3 65. Kb4 Rc2 66. Kb3 Rc1 67. Kb2 Rc4 68. Kb3 Rc1 69. Kb4 Rc2 70. Rg7+ Kh8 71. g5 hxg5 72. h6 Rc8 73. Kb5 g4 74. Kb6 g3 75. Kb7 Rf8 76. Rxg3 1/2-1/2

[Event "Turkey Cup 2020"]
[Site "Antalya-Belek"]
[Date "2020.01.27"]
[Round "3.96"]
[White "Ozata, Doruk"]
[Black "Atasoy, Ata"]
[Result "1-0"]
[WhiteElo "1699"]
[BlackElo "1527"]
[Annotator "NA"]
[PlyCount "41"]
[EventDate "2020.01.26"]
[EventType "swiss"]
[EventCountry "TUR"]
[SourceTitle "playchess.com"]
[Source "ChessBase"]
[SourceQuality "1"]

1. e4 c6 2. d4 d5 3. e5 Bf5 4. h4 h5 5. Bd3 Bxd3 6. Qxd3 e6 7. Nf3 Nd7 8. Rh3 c5 9. Ng5 Qb6 10. Rf3 Nh6 11. Nxf7 Nxf7 12. Qg6 O-O-O 13. Qxf7 cxd4 14. Rb3 Nxe5 15. Rxb6 Nxf7 16. Rxe6 Bc5 17. Bf4 Rhe8 18. Rxe8 Rxe8+ 19. Kf1 Ne5 20. Nd2 Kd7 21. Re1 1-0

[Event "Turkey Cup 2020"]
[Site "Antalya-Belek"]
[Date "2020.01.27"]
[Round "3.97"]
[White "Sari, Engin"]
[Black "Caliskan, Seha"]
[Result "0-1"]
[WhiteElo "1474"]
[BlackElo "1673"]
[Annotator "NA"]
[PlyCount "102"]
[EventDate "2020.01.26"]
[EventType "swiss"]
[EventCountry "TUR"]
[SourceTitle "playchess.com"]
[Source "ChessBase"]
[SourceQuality "1"]

1. e4 e6 2. d4 d5 3. Nc3 Nf6 4. Bg5 Be7 5. e5 Nfd7 6. h4 Nc6 7. Bxe7 Nxe7 8. Qg4 O-O 9. f4 Nf5 10. Qd1 c5 11. Nf3 Ng3 12. Rh3 Nxf1 13. Kxf1 a6 14. h5 f6 15. h6 g6 16. Qd3 fxe5 17. fxe5 Qg5 18. Kg1 Qf5 19. Qd2 Qf4 20. Qxf4 Rxf4 21. Ne2 Re4 22. Ng3 Rg4 23. c3 b5 24. Rf1 cxd4 25. cxd4 Bb7 26. Rc1 Rc8 27. Rxc8+ Bxc8 28. Ne2 Nb8 29. Nh2 Re4 30. Rc3 Bd7 31. Rc7 Rxe2 32. Rb7 Nc6 33. Rxd7 Re4 34. Nf3 Nxd4 35. Ng5 Rf4 36. Rd8+ Rf8 37. Rd7 Rf5 38. Rg7+ Kf8 39. Nxh7+ Ke8 40. Nf6+ Kf8 41. Rxg6 Rf4 42. g3 Nf3+ 43. Kg2 Ne1+ 44. Kh3 Rf1 45. h7 Rh1+ 46. Kg4 Nd3 47. Nh5 Nxe5+ 48. Kg5 Nxg6 49. g4 Rxh5+ 50. gxh5 Nh8 51. h6 d4 0-1

[Event "Turkey Cup 2020"]
[Site "Antalya-Belek"]
[Date "2020.01.27"]
[Round "3.98"]
[White "Ataer, Arda Burak"]
[Black "Celik, Ege Yigit"]
[Result "1-0"]
[WhiteElo "1762"]
[BlackElo "1558"]
[Annotator "NA"]
[PlyCount "83"]
[EventDate "2020.01.26"]
[EventType "swiss"]
[EventCountry "TUR"]
[SourceTitle "playchess.com"]
[Source "ChessBase"]
[SourceQuality "1"]

1. e4 c5 2. Nf3 a6 3. c3 e6 4. d4 d5 5. e5 Bd7 6. Be3 Nc6 7. a3 Nge7 8. b4 cxd4 9. cxd4 Nf5 10. Bd3 Nxe3 11. fxe3 g6 12. O-O Bh6 13. Qe2 Ne7 14. g4 b5 15. Nbd2 Nc8 16. Rae1 Nb6 17. Qf2 Nc4 18. Nxc4 bxc4 19. Bc2 Qe7 20. h4 a5 21. bxa5 Rxa5 22. Rb1 O-O 23. g5 Bg7 24. Nh2 Rxa3 25. Ng4 Rfa8 26. Rb7 R3a7 27. Rfb1 Rxb7 28. Rxb7 Qe8 29. h5 Ra1+ 30. Bb1 Qd8 31. hxg6 hxg6 32. Nf6+ Bxf6 33. exf6 Bc6 34. Rb4 Qf8 35. Rb6 Bd7 36. Qh2 Ra8 37. Kf2 Rc8 38. Kf3 Ra8 39. Rb7 Rd8 40. Rc7 Ba4 41. Bxg6 Bd1+ 42. Kf2 1-0

[Event "Turkey Cup 2020"]
[Site "Antalya-Belek"]
[Date "2020.01.27"]
[Round "3.99"]
[White "Kahraman, Yusuf"]
[Black "Koksal, Recep"]
[Result "1/2-1/2"]
[WhiteElo "1438"]
[BlackElo "1709"]
[Annotator "NA"]
[PlyCount "103"]
[EventDate "2020.01.26"]
[EventType "swiss"]
[EventCountry "TUR"]
[SourceTitle "playchess.com"]
[Source "ChessBase"]
[SourceQuality "1"]

1. d4 d5 2. c4 c6 3. Nc3 Nf6 4. Nf3 e6 5. Bf4 Bd6 6. Bxd6 Qxd6 7. c5 Qe7 8. e3 Nbd7 9. Be2 e5 10. b4 e4 11. Nd2 Nf8 12. a4 Ng6 13. g3 Bh3 14. Qb3 O-O 15. Bf1 Bxf1 16. Nxf1 b6 17. cxb6 axb6 18. Nd2 Qd7 19. h3 Rfc8 20. Kf1 c5 21. bxc5 bxc5 22. dxc5 Rxc5 23. Kg2 Rac8 24. Nb5 Ne5 25. Nd4 Nd3 26. Rhb1 h5 27. a5 Qa7 28. Qb6 Qxb6 29. axb6 Rb8 30. N2b3 Rxb6 31. Nxc5 Rxb1 32. Rxb1 Nxc5 33. Rb5 Ncd7 34. Nf5 g6 35. Ne7+ Kf8 36. Nxd5 Nxd5 37. Rxd5 Ke7 38. Rd4 Nf6 39. g4 hxg4 40. hxg4 g5 41. Kg3 Ke6 42. f4 exf3 43. Kxf3 Nd7 44. Ra4 Ne5+ 45. Kg3 f6 46. Ra6+ Ke7 47. Ra7+ Ke6 48. Ra8 Kf7 49. Rh8 Kg7 50. Re8 Kf7 51. Ra8 Ke7 52. Ra4 1/2-1/2

[Event "Turkey Cup 2020"]
[Site "Antalya-Belek"]
[Date "2020.01.27"]
[Round "3.100"]
[White "Polat, Ahmet Eren"]
[Black "Bilgin, Kaan Bora"]
[Result "1-0"]
[WhiteElo "1641"]
[BlackElo "1267"]
[Annotator "NA"]
[PlyCount "65"]
[EventDate "2020.01.26"]
[EventType "swiss"]
[EventCountry "TUR"]
[SourceTitle "playchess.com"]
[Source "ChessBase"]
[SourceQuality "1"]

1. e4 c5 2. Nc3 d6 3. g3 g6 4. Bg2 Bg7 5. d3 Nc6 6. Be3 e6 7. Qd2 Nd4 8. Nd1 Ne7 9. c3 Ndc6 10. Bh6 O-O 11. h4 Kh8 12. h5 Ng8 13. Bxg7+ Kxg7 14. hxg6 fxg6 15. Ne3 e5 16. Nf3 Be6 17. Nd5 h6 18. Ng1 Qd7 19. O-O-O b5 20. Bh3 Bxh3 21. Nxh3 Rfb8 22. f4 a5 23. Rdf1 b4 24. c4 Nd4 25. Qf2 Qa4 26. Kb1 Qd7 27. Ng1 a4 28. Ne2 a3 29. Nxd4 cxd4 30. b3 Ne7 31. fxe5 Nxd5 32. exd5 Rf8 33. Qxd4 1-0

[Event "Turkey Cup 2020"]
[Site "Antalya-Belek"]
[Date "2020.01.27"]
[Round "3.101"]
[White "Mutlu, Bunyamin"]
[Black "Hazinedaroglu, Gokay"]
[Result "0-1"]
[WhiteElo "1460"]
[BlackElo "1510"]
[Annotator "NA"]
[PlyCount "80"]
[EventDate "2020.01.26"]
[EventType "swiss"]
[EventCountry "TUR"]
[SourceTitle "playchess.com"]
[Source "ChessBase"]
[SourceQuality "1"]

1. e4 c6 2. d4 d5 3. Nd2 dxe4 4. Nxe4 Bf5 5. Ng3 Bg6 6. h4 h6 7. h5 Bh7 8. Bd3 Bxd3 9. Qxd3 e6 10. Bf4 Nf6 11. Nf3 Nd5 12. Bd2 Nd7 13. c3 Qc7 14. O-O-O O-O-O 15. Kb1 Nf4 16. Qe4 Bd6 17. Ne5 Nxe5 18. Bxf4 Nd7 19. Bxd6 Qxd6 20. f4 Rhe8 21. Qf3 Nf6 22. Ne4 Qd5 23. Rde1 Qf5 24. Kc1 Rd5 25. Nxf6 Qxf6 26. Re5 Red8 27. Rf1 c5 28. c4 Rxd4 29. Rxc5+ Kb8 30. Qe3 b6 31. Rc6 Kb7 32. Qf3 Rd3 33. Qe4 R8d4 34. Rxe6+ Rxe4 35. Rxe4 Rd4 36. Rfe1 Rxe4 37. Rxe4 Qf5 38. Rd4 Qxh5 39. Kc2 Qe2+ 40. Kc3 Qe3+ 0-1

[Event "Turkey Cup 2020"]
[Site "Antalya-Belek"]
[Date "2020.01.27"]
[Round "3.102"]
[White "Erdal, Kerem"]
[Black "Ersoy, Emre"]
[Result "1/2-1/2"]
[WhiteElo "1691"]
[BlackElo "1499"]
[Annotator "NA"]
[PlyCount "139"]
[EventDate "2020.01.26"]
[EventType "swiss"]
[EventCountry "TUR"]
[SourceTitle "playchess.com"]
[Source "ChessBase"]
[SourceQuality "1"]

1. e4 e6 2. d4 d5 3. exd5 exd5 4. Nf3 Bd6 5. c4 c6 6. Nc3 Ne7 7. cxd5 cxd5 8. Bd3 Nbc6 9. O-O h6 10. h3 O-O 11. Be3 a6 12. Qd2 Bc7 13. Bf4 Bb6 14. Bc2 Nf5 15. Ne2 Qf6 16. Be5 Nxe5 17. dxe5 Qc6 18. Bxf5 Bxf5 19. Ned4 Bxd4 20. Nxd4 Qd7 21. Nxf5 Qxf5 22. Qxd5 Rfd8 23. Qxb7 Qxe5 24. Rfe1 Qf6 25. Re2 Rab8 26. Qf3 Qxf3 27. gxf3 Rd3 28. Rc1 Rb6 29. Rc3 Rd1+ 30. Kh2 Rg6 31. f4 Rgg1 32. Rg3 Rh1+ 33. Kg2 Rdg1+ 34. Kf3 Rd1 35. Re8+ Kh7 36. Rf8 Rd7 37. Ra8 Rd6 38. Ra7 Rf6 39. Ke3 Re1+ 40. Kd2 Re4 41. Rf3 Rexf4 42. Rxf4 Rxf4 43. Ke3 Rf6 44. Rd7 Kg6 45. Rd5 Rb6 46. b3 Kf6 47. Kd4 Ke6 48. Re5+ Kd6 49. Re8 Rb4+ 50. Kd3 Rh4 51. Ra8 Rxh3+ 52. Ke2 g5 53. Rxa6+ Kc5 54. Rf6 g4 55. Rxf7 h5 56. Kf1 Rh1+ 57. Kg2 Ra1 58. Ra7 Kd4 59. b4 Kc4 60. a3 Ra2 61. Rc7+ Kb3 62. Re7 Rc2 63. b5 Kxa3 64. b6 Rb2 65. b7 h4 66. Re3+ Ka2 67. Re4 g3 68. Rxh4 gxf2 69. b8=Q Rxb8 70. Kxf2 1/2-1/2

[Event "Turkey Cup 2020"]
[Site "Antalya-Belek"]
[Date "2020.01.28"]
[Round "4.1"]
[White "Unat, Can Haktan"]
[Black "Yilmazyerli, Mert"]
[Result "0-1"]
[WhiteElo "2257"]
[BlackElo "2411"]
[Annotator "NA"]
[PlyCount "100"]
[EventDate "2020.01.26"]
[EventType "swiss"]
[EventCountry "TUR"]
[SourceTitle "playchess.com"]
[Source "ChessBase"]
[SourceQuality "1"]

1. e4 e5 2. Nc3 Nf6 3. Nf3 Nc6 4. Bc4 Nxe4 5. Qe2 Nd6 6. Nxe5 Be7 7. Nxc6 dxc6 8. d3 Nxc4 9. dxc4 Be6 10. Be3 Bb4 11. Bd2 Qd4 12. O-O-O Qxc4 13. Qxc4 Bxc4 14. Rhe1+ Be6 15. Ne4 Be7 16. Bg5 Rd8 17. f4 Rxd1+ 18. Kxd1 h6 19. Bxe7 Kxe7 20. Nc5 Rd8+ 21. Kc1 b6 22. Nxe6 fxe6 23. f5 Rd6 24. Re3 a5 25. Rg3 Kf7 26. fxe6+ Rxe6 27. Rd3 Rd6 28. Re3 g5 29. g4 c5 30. c3 Re6 31. Rd3 Re2 32. Rd7+ Ke6 33. Rxc7 Rxh2 34. Rc6+ Ke5 35. b4 cxb4 36. cxb4 axb4 37. Rxb6 Rxa2 38. Rxb4 Re2 39. Kd1 Re4 40. Rb6 Kf4 41. Rxh6 Kxg4 42. Rh1 Kf3 43. Rf1+ Kg2 44. Rf8 g4 45. Kd2 g3 46. Kd1 Kh2 47. Rh8+ Kg1 48. Kd2 g2 49. Kd3 Re5 50. Kd4 Rg5 0-1

[Event "Turkey Cup 2020"]
[Site "Antalya-Belek"]
[Date "2020.01.28"]
[Round "4.2"]
[White "Ozen, Deniz"]
[Black "Aydincelebi, Kagan"]
[Result "1/2-1/2"]
[WhiteElo "2423"]
[BlackElo "2249"]
[Annotator "TA"]
[PlyCount "37"]
[EventDate "2020.01.26"]
[EventType "swiss"]
[EventCountry "TUR"]
[SourceTitle "playchess.com"]
[Source "ChessBase"]
[SourceQuality "1"]

1. e4 c5 2. Nf3 d6 3. Bb5+ Bd7 4. Bxd7+ Nxd7 5. O-O Ngf6 6. Re1 e6 7. c3 Be7 8. d4 O-O 9. Nbd2 cxd4 10. cxd4 Qb6 11. Qa4 Rac8 12. Nb3 Qc7 13. Bg5 Nb6 14. Qa5 Nc4 15. Qxc7 Rxc7 16. Rac1 Rfc8 17. Rc2 h6 18. Bxf6 Bxf6 19. h3 1/2-1/2

[Event "Turkey Cup 2020"]
[Site "Antalya-Belek"]
[Date "2020.01.28"]
[Round "4.3"]
[White "Yurtseven, Melih"]
[Black "Karaoglan, Doruk"]
[Result "1-0"]
[WhiteElo "2385"]
[BlackElo "2222"]
[Annotator "ChessBase"]
[PlyCount "83"]
[EventDate "2020.01.26"]
[EventType "swiss"]
[EventCountry "TUR"]
[SourceTitle "playchess.com"]
[Source "ChessBase"]
[SourceQuality "1"]

1. d4 Nf6 2. Nf3 g6 3. Nbd2 d5 4. e3 Bg7 5. b4 O-O 6. c4 a5 7. b5 c5 8. Bb2 Nbd7 9. Rc1 b6 10. Be2 Bb7 11. O-O e6 12. cxd5 exd5 13. dxc5 bxc5 14. Ne5 Nxe5 15. Bxe5 Qb6 16. a4 Rfe8 17. Ba1 d4 18. Bf3 Ne4 19. Nxe4 Bxe4 20. Bxe4 Rxe4 21. Qc2 Rae8 22. Qxc5 Qxc5 23. Rxc5 dxe3 24. fxe3 Bxa1 25. Rxa1 Rxe3 26. Ra2 Rb3 27. Rc7 h5 28. Ra7 g5 29. Rf2 Rb1+ 30. Rf1 Rb2 31. Raxf7 Re4 32. R7f2 Rxf2 33. Kxf2 Rxa4 34. Rb1 Rf4+ 35. Ke3 Rf8 36. Kd4 a4 37. Kc5 Rf5+ 38. Kb4 Kf7 39. b6 Ke6 40. b7 Rf8 41. Kxa4 Rb8 42. Rb5 1-0

[Event "Turkey Cup 2020"]
[Site "Antalya-Belek"]
[Date "2020.01.28"]
[Round "4.4"]
[White "Gallevci, Yagiz"]
[Black "Kamer, Kayra"]
[Result "1/2-1/2"]
[WhiteElo "2186"]
[BlackElo "2348"]
[Annotator "NA"]
[PlyCount "97"]
[EventDate "2020.01.26"]
[EventType "swiss"]
[EventCountry "TUR"]
[SourceTitle "playchess.com"]
[Source "ChessBase"]
[SourceQuality "1"]

1. e4 c5 2. Nf3 e6 3. d4 cxd4 4. Nxd4 a6 5. c4 Nf6 6. Nc3 Qc7 7. Be2 b6 8. O-O Bb7 9. Qd3 Nc6 10. Nxc6 dxc6 11. f4 Rd8 12. Qh3 c5 13. f5 exf5 14. Bf4 Bd6 15. Bxd6 Qxd6 16. Rad1 Qe7 17. Rxd8+ Qxd8 18. Qxf5 Qd4+ 19. Kh1 O-O 20. e5 Ne4 21. e6 g6 22. exf7+ Kg7 23. Qf4 Nxc3 24. bxc3 Qxf4 25. Rxf4 Bc8 26. Bg4 g5 27. Re4 Rxf7 28. Kg1 Bxg4 29. Rxg4 Kf6 30. Re4 Rd7 31. Kf2 Rd1 32. Re2 Rc1 33. Rb2 Ke5 34. Rxb6 Rc2+ 35. Kf1 Rxc3 36. Rxa6 Rxc4 37. Rh6 Kf4 38. Re6 Rb4 39. Re2 c4 40. Kf2 Rb8 41. g3+ Kg4 42. Ke3 Rd8 43. Rd2 Rc8 44. Rc2 h5 45. Kd4 Kh3 46. Kc3 Ra8 47. Kb4 Rb8+ 48. Kc3 Ra8 49. Kb4 1/2-1/2

[Event "Turkey Cup 2020"]
[Site "Antalya-Belek"]
[Date "2020.01.28"]
[Round "4.5"]
[White "Sevgi, Volkan"]
[Black "Pektas, Yigit"]
[Result "1-0"]
[WhiteElo "2345"]
[BlackElo "2155"]
[Annotator "ChessBase"]
[PlyCount "41"]
[EventDate "2020.01.26"]
[EventType "swiss"]
[EventCountry "TUR"]
[SourceTitle "playchess.com"]
[Source "ChessBase"]
[SourceQuality "1"]

1. Nf3 Nf6 2. g3 d5 3. Bg2 g6 4. b3 Bg7 5. Bb2 O-O 6. O-O Nbd7 7. c4 c6 8. d3 Re8 9. Nc3 e5 10. cxd5 cxd5 11. Rc1 a6 12. Nd2 Nb6 13. e4 Bg4 14. Qe1 dxe4 15. Ncxe4 Nfd5 16. Nc4 f6 17. Qa5 Kh8 18. Ned6 Nxc4 19. Nf7+ Kg8 20. Nxd8 Nxa5 21. Bxd5+ 1-0

[Event "Turkey Cup 2020"]
[Site "Antalya-Belek"]
[Date "2020.01.28"]
[Round "4.6"]
[White "Isik, Alparslan"]
[Black "Erdogan, Anil Berk"]
[Result "1-0"]
[WhiteElo "2328"]
[BlackElo "2147"]
[Annotator "NA"]
[PlyCount "101"]
[EventDate "2020.01.26"]
[EventType "swiss"]
[EventCountry "TUR"]
[SourceTitle "playchess.com"]
[Source "ChessBase"]
[SourceQuality "1"]

1. Nf3 c5 2. c4 Nc6 3. Nc3 g6 4. e3 d6 5. d4 b6 6. d5 Nb8 7. h3 Nf6 8. e4 Nbd7 9. Bd3 Bg7 10. O-O O-O 11. Bf4 Ne8 12. Qd2 e5 13. dxe6 fxe6 14. Bc2 Qe7 15. Rad1 Ne5 16. Nxe5 dxe5 17. Bg3 Bb7 18. Ba4 Nf6 19. Qg5 Rf7 20. Bxe5 Nxe4 21. Nxe4 Bxe4 22. Qe3 Bb7 23. Rd7 Qh4 24. Bxg7 Rxd7 25. Bxd7 Kxg7 26. Qe5+ Kh6 27. Qxe6 Qe4 28. Qxe4 Bxe4 29. Re1 Rd8 30. Bg4 Bf5 31. Rd1 Rxd1+ 32. Bxd1 Bd3 33. b3 Kg5 34. f3 Kf4 35. Kf2 Ke5 36. Ke3 Bb1 37. f4+ Kf6 38. a3 h6 39. b4 a5 40. bxc5 bxc5 41. Be2 Bf5 42. g4 Bd7 43. h4 g5 44. fxg5+ hxg5 45. hxg5+ Ke5 46. g6 Be6 47. g7 Bg8 48. Bd3 Kf6 49. Kf4 Ke6 50. g5 a4 51. Be4 1-0

[Event "Turkey Cup 2020"]
[Site "Antalya-Belek"]
[Date "2020.01.28"]
[Round "4.7"]
[White "Yaran, Siar"]
[Black "Tepe, Efe Can"]
[Result "1-0"]
[WhiteElo "2248"]
[BlackElo "2137"]
[Annotator "NA"]
[PlyCount "45"]
[EventDate "2020.01.26"]
[EventType "swiss"]
[EventCountry "TUR"]
[SourceTitle "playchess.com"]
[Source "ChessBase"]
[SourceQuality "1"]

1. c4 Nf6 2. Nc3 g6 3. g3 Bg7 4. Bg2 O-O 5. Nf3 d6 6. O-O Nc6 7. d3 Nh5 8. d4 f5 9. d5 Na5 10. Qd3 e5 11. dxe6 Bxe6 12. Ng5 Bf7 13. Bd5 Nf6 14. Nxf7 Rxf7 15. Bxf7+ Kxf7 16. Bg5 Nc6 17. c5 h6 18. Bxf6 Bxf6 19. Rfd1 Be5 20. cxd6 Bxd6 21. Nb5 Qe7 22. Nxd6+ cxd6 23. Qxd6 1-0

[Event "Turkey Cup 2020"]
[Site "Antalya-Belek"]
[Date "2020.01.28"]
[Round "4.8"]
[White "Ozdemir, Serhan Berat"]
[Black "Eren, Ataberk"]
[Result "0-1"]
[WhiteElo "2139"]
[BlackElo "2274"]
[Annotator "NA"]
[PlyCount "58"]
[EventDate "2020.01.26"]
[EventType "swiss"]
[EventCountry "TUR"]
[SourceTitle "playchess.com"]
[Source "ChessBase"]
[SourceQuality "1"]

1. e4 e6 2. d4 d5 3. Nd2 c5 4. Ngf3 cxd4 5. Nxd4 Nf6 6. e5 Nfd7 7. f4 Nxe5 8. Nxe6 Bxe6 9. fxe5 Nc6 10. Nf3 Bc5 11. Bd3 Bg4 12. c3 O-O 13. Bf4 Re8 14. Qc2 Qf6 15. Bg3 Nxe5 16. Bxh7+ Kh8 17. O-O-O Nxf3 18. gxf3 Bxf3 19. Bd3 Bxh1 20. Rxh1 Bd6 21. Bf2 Qf3 22. Rf1 Re6 23. b4 Rae8 24. Bg3 Qe3+ 25. Kb2 Bxg3 26. hxg3 Kg8 27. Bb5 R8e7 28. Qf5 d4 29. Rc1 Rc7 0-1

[Event "Turkey Cup 2020"]
[Site "Antalya-Belek"]
[Date "2020.01.28"]
[Round "4.9"]
[White "Tarlabasi, Emirhan"]
[Black "Sar, Can"]
[Result "1-0"]
[WhiteElo "2274"]
[BlackElo "1891"]
[Annotator "NA"]
[PlyCount "103"]
[EventDate "2020.01.26"]
[EventType "swiss"]
[EventCountry "TUR"]
[SourceTitle "playchess.com"]
[Source "ChessBase"]
[SourceQuality "1"]

1. d4 Nf6 2. c4 e6 3. Nc3 d5 4. Nf3 a6 5. cxd5 exd5 6. Bg5 Be6 7. Qb3 Nbd7 8. e3 b5 9. Qc2 c5 10. dxc5 Bxc5 11. Bd3 Rc8 12. a3 h6 13. Bh4 O-O 14. O-O Re8 15. h3 Qb6 16. Qd2 Be7 17. b4 Rcd8 18. Qc2 Rc8 19. Qb2 Ne4 20. Bxe7 Nxc3 21. Rac1 Na4 22. Qb1 Nc3 23. Qa1 Ne4 24. Rxc8 Rxc8 25. Qd4 Qxd4 26. Nxd4 Nd2 27. Rd1 Nc4 28. Bf5 Bxf5 29. Nxf5 Ndb6 30. Bc5 Rd8 31. e4 d4 32. Ne7+ Kh7 33. Nd5 Na4 34. Bxd4 Nxa3 35. Rd3 Nc2 36. Be5 Re8 37. f4 f6 38. Bxf6 Rxe4 39. Rg3 g6 40. Be5 Re1+ 41. Kh2 g5 42. h4 Rd1 43. Nf6+ Kg6 44. hxg5 hxg5 45. Rxg5+ Kf7 46. Ne4 Nxb4 47. f5 Nc6 48. Rg7+ Kf8 49. Bf6 b4 50. Rc7 Rc1 51. Bg7+ Ke8 52. f6 1-0

[Event "Turkey Cup 2020"]
[Site "Antalya-Belek"]
[Date "2020.01.28"]
[Round "4.10"]
[White "Yasin, Hur"]
[Black "Ozsakallioglu, Okan"]
[Result "1-0"]
[WhiteElo "1936"]
[BlackElo "2272"]
[Annotator "NA"]
[PlyCount "84"]
[EventDate "2020.01.26"]
[EventType "swiss"]
[EventCountry "TUR"]
[SourceTitle "playchess.com"]
[Source "ChessBase"]
[SourceQuality "1"]

1. d4 Nf6 2. Nc3 d5 3. Bf4 g6 4. e3 a6 5. h4 Bg7 6. h5 gxh5 7. Bd3 c5 8. dxc5 Qa5 9. Nge2 Nc6 10. Nd4 Ng4 11. Nb3 Bxc3+ 12. Kf1 Qd8 13. bxc3 e5 14. Bg3 Nf6 15. Bh4 Bg4 16. f3 Be6 17. Qe1 Nb8 18. Qg3 Nbd7 19. Qg7 Ke7 20. Bxh7 Qf8 21. Qxf8+ Kxf8 22. Bd3 Kg7 23. Rb1 Rac8 24. Bg3 e4 25. Be2 Nxc5 26. Nxc5 Rxc5 27. Be5 b5 28. Rh4 Rh6 29. Rf4 Rc6 30. a3 Bc8 31. Rd1 Kh7 32. Kg1 Re6 33. Bd4 exf3 34. gxf3 Kg7 35. Bd3 Rc6 36. Kh2 Kf8 37. Rg1 h4 38. Be5 Ke7 39. Rg5 Be6 40. Bd4 Nh7 41. Rg8 Nf6 42. Rh8 Ng8 1-0

[Event "Turkey Cup 2020"]
[Site "Antalya-Belek"]
[Date "2020.01.28"]
[Round "4.11"]
[White "Kiziltas, Inanc Vefa"]
[Black "Yilmaz, Goktan"]
[Result "0-1"]
[WhiteElo "1803"]
[BlackElo "2265"]
[Annotator "ChessBase"]
[PlyCount "94"]
[EventDate "2020.01.26"]
[EventType "swiss"]
[EventCountry "TUR"]
[SourceTitle "playchess.com"]
[Source "ChessBase"]
[SourceQuality "1"]

1. Nf3 d5 2. c4 d4 3. e3 Nc6 4. d3 e5 5. Be2 Nf6 6. O-O h6 7. Re1 Be7 8. a3 a5 9. h3 O-O 10. e4 Nd7 11. g4 Nc5 12. b3 Kh7 13. Nbd2 g6 14. Nf1 f5 15. exf5 gxf5 16. gxf5 Bxf5 17. Ng3 Bxh3 18. Rb1 Ne6 19. b4 axb4 20. axb4 Bxb4 21. Rxb4 Nxb4 22. Qd2 Nf4 23. Qxb4 Nxe2+ 24. Rxe2 Bg4 25. Qd2 Ra6 26. Nxe5 Bxe2 27. Qxe2 Qh4 28. Nf3 Qf6 29. Qe4+ Kh8 30. Qxd4 Qxd4 31. Nxd4 Ra1 32. Nde2 Kh7 33. Kg2 Rd8 34. d4 Rxc1 35. Nxc1 Rxd4 36. c5 Rc4 37. Nb3 Rc3 38. Na5 b5 39. Ne4 Rc2 40. Kf3 h5 41. Nc6 Rb2 42. Kf4 b4 43. Kg5 b3 44. Nd4 Rb1 45. f4 b2 46. Nd2 Rh1 47. Ne6 Rd1 0-1

[Event "Turkey Cup 2020"]
[Site "Antalya-Belek"]
[Date "2020.01.28"]
[Round "4.12"]
[White "Demirbag, Alihan"]
[Black "Ozen, Bahadir"]
[Result "0-1"]
[WhiteElo "2104"]
[BlackElo "2389"]
[Annotator "NA"]
[PlyCount "172"]
[EventDate "2020.01.26"]
[EventType "swiss"]
[EventCountry "TUR"]
[SourceTitle "playchess.com"]
[Source "ChessBase"]
[SourceQuality "1"]

1. e4 e5 2. Nf3 Nc6 3. Bb5 Nf6 4. Nc3 Nd4 5. Ba4 Nxf3+ 6. Qxf3 c6 7. Bb3 d6 8. h3 Be7 9. d3 O-O 10. O-O Be6 11. Ne2 a5 12. c3 d5 13. Ng3 a4 14. Bc2 g6 15. Bh6 Re8 16. Nf5 Bf8 17. Bxf8 Rxf8 18. Ng3 a3 19. b3 Re8 20. Rad1 dxe4 21. dxe4 Qe7 22. Qe3 Kg7 23. Ne2 Rad8 24. Rxd8 Rxd8 25. Rd1 Rxd1+ 26. Bxd1 Qd6 27. Bc2 b5 28. Nc1 c5 29. Ne2 Nd7 30. Qc1 b4 31. c4 Nb8 32. Qe3 Nc6 33. Kh1 Qe7 34. Qg3 Bd7 35. Kg1 Bc8 36. Kh1 Be6 37. Kg1 h6 38. Kf1 Qd6 39. Qe3 Kh7 40. Kg1 Qe7 41. Qg3 Kg7 42. Qe3 h5 43. Qg3 Bc8 44. Kf1 Bd7 45. Kg1 Be6 46. Kf1 Kf8 47. Qe3 Ke8 48. Ke1 Kd7 49. Kf1 Kc7 50. Qg3 Kb6 51. Ke1 Qd8 52. Qe3 Qd6 53. Kf1 Bd7 54. Ke1 Bc8 55. Kf1 Qe7 56. Ke1 Qd6 57. Kf1 f5 58. f3 f4 59. Qd3 Qe7 60. Bd1 Be6 61. Qd2 Kc7 62. Qd3 Qh4 63. Qd2 Bxh3 64. gxh3 Qxh3+ 65. Kf2 g5 66. Qd5 g4 67. fxg4 hxg4 68. Qxc5 f3 69. Qd5 Qh4+ 70. Ke3 Qh6+ 71. Kf2 fxe2 72. Bxe2 Qf4+ 73. Ke1 g3 74. c5 Qc1+ 75. Bd1 Qe3+ 76. Be2 Qg1+ 77. Kd2 Qd4+ 78. Ke1 Qg1+ 79. Kd2 Qd4+ 80. Ke1 Ne7 81. Qxd4 exd4 82. Bf3 Ng6 83. e5 Nxe5 84. Be4 Nd7 85. c6 Nc5 86. Bf3 Nxb3 0-1

[Event "Turkey Cup 2020"]
[Site "Antalya-Belek"]
[Date "2020.01.28"]
[Round "4.13"]
[White "Kul, Ozdemir Efe"]
[Black "Koksal, Ege"]
[Result "1/2-1/2"]
[WhiteElo "1979"]
[BlackElo "2368"]
[Annotator "TA"]
[PlyCount "70"]
[EventDate "2020.01.26"]
[EventType "swiss"]
[EventCountry "TUR"]
[SourceTitle "playchess.com"]
[Source "ChessBase"]
[SourceQuality "1"]

1. Nf3 d5 2. g3 Nf6 3. Bg2 e6 4. d3 c5 5. Nbd2 Be7 6. e4 O-O 7. O-O Nc6 8. e5 Nd7 9. Re1 b5 10. Nf1 a5 11. h4 b4 12. Bf4 a4 13. h5 a3 14. b3 Ba6 15. Qd2 Rc8 16. N1h2 c4 17. d4 cxb3 18. cxb3 Na7 19. h6 g6 20. Rac1 Nb5 21. Bf1 Qb6 22. Bg5 Bxg5 23. Nxg5 Nc3 24. Ng4 Bxf1 25. Kxf1 Qd8 26. Qf4 Qe7 27. Rc2 Nb5 28. Rec1 Rc3 29. Rxc3 Nxc3 30. Rc2 Rc8 31. Kg2 Rc7 32. Kf1 Rc8 33. Kg2 Rf8 34. Kg1 Rc8 35. Kg2 f6 1/2-1/2

[Event "Turkey Cup 2020"]
[Site "Antalya-Belek"]
[Date "2020.01.28"]
[Round "4.14"]
[White "Soylu, Suat"]
[Black "Caglar, Ahmet Ata"]
[Result "1/2-1/2"]
[WhiteElo "2329"]
[BlackElo "2065"]
[Annotator "NA"]
[PlyCount "79"]
[EventDate "2020.01.26"]
[EventType "swiss"]
[EventCountry "TUR"]
[SourceTitle "playchess.com"]
[Source "ChessBase"]
[SourceQuality "1"]

1. e4 c5 2. Nc3 Nc6 3. Bb5 g6 4. Bxc6 bxc6 5. d3 Bg7 6. f4 d6 7. Nf3 Nf6 8. O-O O-O 9. Qe1 Rb8 10. b3 c4 11. bxc4 d5 12. cxd5 cxd5 13. e5 Ng4 14. h3 Nh6 15. Be3 Nf5 16. Bxa7 Rb2 17. Qc1 Rb7 18. Bf2 f6 19. d4 Qa5 20. Nd1 Rc7 21. g4 fxe5 22. dxe5 Nh6 23. Be3 d4 24. Bxd4 Bb7 25. c3 e6 26. Qd2 Nf7 27. Rb1 Qa4 28. Ne3 Bxf3 29. Rxf3 Ng5 30. Rbf1 Nxf3+ 31. Rxf3 Rb7 32. Rf1 Rfb8 33. Qc2 Qc6 34. Qg2 Qa6 35. Rf2 Rf8 36. f5 exf5 37. gxf5 gxf5 38. Nxf5 Qg6 39. Qxg6 hxg6 40. Nxg7 1/2-1/2